书目信息 |
| 题名: |
国际单位制讲座
|
|
| 作者: | 张士相 主编 | |
| 分册: | ||
| 出版信息: | 北京 中国铁道出版社 1983.8 |
|
| 页数: | 245页 | |
| 开本: | 20cm | |
| 丛书名: | ||
| 单 册: | ||
| 中图分类: | TB91 | |
| 科图分类: | ||
| 主题词: | 计量单位 , 单位制 | |
| 电子资源: | ||
| ISBN: | ||
| 000 | 00542nam0 2200193 45 | |
| 001 | 0312221749 | |
| 005 | 20060420081917.87 | |
| 010 | @dCNY0.65 | |
| 100 | @a20031222d1983 km y0chiy0120 ea | |
| 101 | @achi | |
| 200 | 1 | @a国际单位制讲座@AGuo Ji Dan Wei Zhi Jiang Zuo@f张士相主编@FZhang Shi Xiang Zhu Bian |
| 210 | @a北京@c中国铁道出版社@d1983.8 | |
| 215 | @a245页@d20cm | |
| 606 | 0 | @a计量单位 |
| 606 | 0 | @a单位制 |
| 690 | @aTB91@v3 | |
| 701 | 0 | @a张士相@4主编 |
| 801 | @aCN@bTSTCL@c20060420 | |
| 905 | @a213230@dTB91@e32@b96074@f1@b96076-077@f2 | |
| 国际单位制讲座/张士相主编.-北京:中国铁道出版社,1983.8 |
| 245页;20cm |
| ISBN :CNY0.65 |
| ● |
| 相关链接 |
|
|
|
|
正题名:国际单位制讲座
索取号:TB91/32
 
预约/预借
| 序号 | 登录号 | 条形码 | 馆藏地/架位号 | 状态 | 备注 |
| 1 | 0096073 | 202266742 | 密集书库/ [索取号:TB91/32] | 在馆 | |
| 2 | 0096074 | 001360823 | 密集书库/ [索取号:TB91/32] | 在馆 | |
| 3 | 0096075 | 202266715 | 密集书库/ [索取号:TB91/32] | 在馆 | |
| 4 | 0096076 | 001361252 | 第三借阅区/ [索取号:TB91/32] | 在馆 | |
| 5 | 0096077 | 001361216 | 第二样本阅览室/ [索取号:TB91/32] | 在馆 |